1360 1132 1959 1549 1224 1162 1879 1547 1026 1634 1746 1497 1836 1294 1886 1395 1163 1352 1700 1159 1635 1163 1558 1576 1841 1654 1536 1735 1412 1944 1424 1544 1867 1711 1797 1491 1191 1947 1365 1334 1732 1793 1139 1639 1557 1850 1922 1570 1289 1356 1150 1519 1501 1091 1988 1073 1414 1988 1394 1105 1209 1933 1349 1921 1783 1725 1122 1275 1709 1491 1793 1415 1430 1762 1028 1775 1823 1370 1209 1810 1566 1926 1779 1312 1567 1184 1367 1568 1001 1620 1196 1269 1101 1189 1929 1304 1534 1182 1430 BCNSPRNW ULIB Ver.6.0+V

เปลี่ยนเป็นภาษาไทย

Change to English
 แสดงรายละเอียดบรรณานุกรม
  กลับหน้าหลัก

Brief Record : Get Marc (ISO 2709) : E-mail record : QR code < ปิดหน้าต่าง
LEADER : 00000nam 2200000uu 4500
001    13399111036
003     ULIB
008    110615s||||||||th 000 0 tha d
020    9749058518
050  4 BF323.C5^bว321ท 2545
100 1  ฮาร์เรล,คีธ
245 10 ทัศนคติ :^bเจตคติ เต็ม 100 = Attitude is everything /^cโดย Keith Harrel ; แปลและเรียบเรียงโดย วราภรณ์ สืบสหการ
246 31 Attitude is everything
250    พิมพ์ครั้งที่ 1
260    กรุงทพฯ :^bเอ็กซเปอร์เน็ท,^c2545
300    281 หน้า ;^c21 ซม.
650  7 ทัศนคติ
700 0  วราภรณ์ สืบสหการ,^eผู้แปล
700 1  Herrel, Keith
945    ^p230^l0^i015541
945    ^p230^l0^i015540
945    ^p230^l0^i015539
995    ทศพร
999 ^a ใช้งานได้ทุกระบบ
รายการนี้ยังไม่มีแท็ก
คุณยังไม่ได้ล็อกอิน คุณสามารถมีกิจกรรมร่วมกับเว็บไซต์ได้ แต่ต้องล็อกอินก่อน ::
  ล็อกอิน

รายการสื่อสารสนเทศ

ลำดับที่ ประเภท เลขเรียก/บาร์โค้ด สถานที่ สถานะ
- ไม่พบข้อมูล -

รายการใกล้เคียง
    หัวเรื่อง [ทัศนคติ]

BibComment


ยังไม่เคยถูกคอมเมนท์

คอมเมนท์ทรัพยากรรายการนี้
  คอมเมนท์: ทัศนคติ เจตคติ เ..


 Copyright 2026. Bcnsprnw @Library